All-Time Heineken Cup Table - Statistics

General Stats
  • This quiz has been taken 21 times
    15 since last reset
  • The average score is 17 of 36
Answer Stats
Answer P W L PF PA PD PTS % Correct
Munster 195 131 60 4,841 3,394 1,447 537
100%
Leinster 197 136 55 5,370 3,605 1,765 577
92%
Saracens 112 78 32 3,086 2,033 1,053 343
92%
Toulouse 194 133 55 5,144 3,628 1,516 535
83%
Ulster 168 86 79 3,593 3,704 -111 364
83%
Connacht 38 14 24 771 930 -159 70
75%
Sale Sharks 76 25 50 1,426 1,777 -351 115
75%
Edinburgh 117 45 69 2,208 2,895 -687 186
67%
Leicester Tigers 169 104 60 4,310 3,242 1,068 420
67%
Stade Francais 92 57 33 2,578 1,629 949 210
67%
Ospreys 102 40 56 2,094 2,301 -207 198
58%
Toulon 63 44 19 1,530 1,152 378 197
58%
Cell C Sharks 6 4 2 189 178 11 20
50%
Gloucester 84 45 38 2,064 1,917 147 193
50%
Harlequins 99 42 54 2,192 2,373 -181 197
50%
London Wasps 119 69 45 3,255 2,431 824 298
50%
Northampton Saints 126 65 60 2,721 2,723 -2 270
50%
Racing 92 87 47 36 2,057 1,705 352 240
50%
Scarlets 156 69 83 3,397 3,841 -444 274
50%
Bath 109 54 52 2,345 2,193 152 215
42%
Cardiff Blues 124 60 60 2,795 2,888 -93 237
42%
Glasgow Warriors 135 47 85 2,683 3,515 -832 211
42%
La Rochelle 36 27 8 923 687 236 126
42%
London Irish 42 16 24 938 894 44 82
42%
Lyon 19 4 15 418 506 -88 25
33%
Montpellier 63 23 37 1,313 1,575 -262 127
33%
Benetton Treviso 120 20 99 2,054 4,095 -2,041 80
25%
Clermont Auvergne 128 77 38 3,408 2,402 1,006 344
25%
Exeter Chiefs 66 33 30 1,564 1,380 184 179
25%
Vodacom Bulls 5 2 3 111 172 -61 10
25%
Bordeaux Bégles 33 13 19 673 756 -83 61
17%
DHL Stormers 6 4 2 155 138 17 20
17%
Castres 96 32 61 1,790 2,318 -528 145
8%
Perpignan 81 47 33 2,069 1,543 526 182
8%
Biarritz Olympique 92 58 33 2,192 1,519 673 238
0%
Bourgoin 48 12 36 960 1,446 -486 49
0%
No matching quizzes found
Score Distribution
Percent of People with Each Score
Percentile by Number Answered
Your Score History
You have not taken this quiz since the last reset